000 00474nam a2200181Ia 4500
003 OSt
005 20260128111518.0
008 210210b1947 xxu||||| |||| 00| 0 eng d
040 _cAL
041 _akan
082 _a853/581
100 _aNAGAYAJNA
_9162242
_dನಾಗಯಜ್ಞ
245 _aSvami satyabhakta:
_bಸ್ವಾಮಿ ಸತ್ಯಭಕ್ತ
260 _aHubballi
_b-
_c1947
690 _aKannada Drama
_9162243
906 _a019851
942 _2ddc
_cBK
999 _c144001
_d144001